The Comprehensive history o assam : (Record no. 137128)

MARC details
000 -LEADER
fixed length control field 00669nam a22002057a 4500
010 ## - LIBRARY OF CONGRESS CONTROL NUMBER
LC control number A-710533
020 ## - INTERNATIONAL STANDARD BOOK NUMBER
Terms of availability 270.00
035 ## - SYSTEM CONTROL NUMBER
System control number A-710533
037 ## - SOURCE OF ACQUISITION
Source of stock number/acquisition Cen Lib / Ret
040 ## - CATALOGING SOURCE
Original cataloging agency DPL
Language of cataloging En
082 ## - DEWEY DECIMAL CLASSIFICATION NUMBER
Classification number 954.51
Item number BAR
245 ## - TITLE STATEMENT
Title The Comprehensive history o assam :
Remainder of title from the pre-historic times to the twelfth century A.D. /
Statement of responsibility, etc edited by H. K. Barpujari
260 ## - PUBLICATION, DISTRIBUTION, ETC. (IMPRINT)
Place of publication, distribution, etc Guwahati
Name of publisher, distributor, etc Publication Board, Assam
Date of publication, distribution, etc 1990
270 ## - ADDRESS
Address Publication Board, Assam
City Guwahati
Postal code 781021
300 ## - PHYSICAL DESCRIPTION
Extent (v 1. 511p)
Dimensions 27cm(Hb)
650 ## - SUBJECT ADDED ENTRY--TOPICAL TERM
Topical term or geographic name as entry element Assam (India) -- History.
650 ## - SUBJECT ADDED ENTRY--TOPICAL TERM
Topical term or geographic name as entry element India -- Assam.
700 ## - ADDED ENTRY--PERSONAL NAME
Personal name Barpujari, H. K.
942 ## - ADDED ENTRY ELEMENTS (KOHA)
Source of classification or shelving scheme Dewey Decimal Classification
Koha item type English Books
Classification part 954.51
Call number suffix BAR
Holdings
Withdrawn status Lost status Materials specified (bound volume or other part) Damaged status Not for loan Home library Current library Date acquired Source of acquisition Cost, normal purchase price Total Checkouts Full call number Barcode Date last seen Copy number Cost, replacement price Price effective from Koha item type
    v 1     Central Library Central Library 18/03/2016 Cen Lib/Ret 270.00   954.51 BAR A-710533 18/03/2016 1 270.00 18/03/2016 English Books

© Delhi Public Library
Hit Counter
free hit counter